Statistics for Top 20 Hindu Countries

Click here to take the quiz!

General Stats

  • This quiz has been taken 3,507 times
  • The average score is 11 of 20

Answer Stats

HintAnswer% Correct
80.2%India
100%
80.6% - 81%Nepal
95%
1.5% - 3.3%Pakistan
92%
7.1% - 12.1%Sri Lanka
89%
9.2% - 12.4%Bangladesh
88%
2% - 25%Bhutan
83%
2%Indonesia
77%
7%Malaysia
73%
5.1%Singapore
64%
21.25%United Arab Emirates
43%
7.2%Qatar
39%
6.25%Bahrain
37%
3% - 5.7%Oman
37%
12%Kuwait
35%
30% - 33%Fiji
33%
48% - 50%Mauritius
33%
28.3% - 33%Guyana
30%
20% - 27.4%Suriname
29%
22.5%Trinidad and Tobago
23%
2.3%Belize
6%

Score Distribution

Percentile by Number Answered

Percent of People with Each Score

Your Score History

You have not taken this quiz